| 000 | 00548nam a2200181Ia 4500 | ||
|---|---|---|---|
| 005 | 20250326125357.0 | ||
| 008 | 250326s9999 xx 000 0 und d | ||
| 037 | _aTextbook | ||
| 040 |
_aFMSL _beng _cFMSL |
||
| 041 |
_aeng _2eng |
||
| 084 |
_aX9B L02 _qFMSL |
||
| 100 |
_aLehmann R S _9738968 |
||
| 245 | 0 |
_aSuccessful expansion techniques for small and medium-sized accounting firms _cLehmann R S |
|
| 260 |
_aNew Jersey _bNew Jersey, Prentice-Hall _c1970 |
||
| 300 | _a257p | ||
| 942 |
_cTB _hX9B L02 |
||
| 999 |
_c1277768 _d1277768 |
||